LEADER 02088nam a2200409 u 4500 001 000000007157 003 CaOOAMICUS 005 20070226104943.0 008 940514s1979 it u000 u ita u 020 $a8805049778 :$cL20000 035 $a10186469 040 $aEFR$bita 041 1 $aita$alat$hgrc 082 0 $a223/.9077$219 100 0 $aPhilo,$cs., vesc. di Carpasia di Cipro.$0(OLS)http://pul/name/7263 240 10$aEnarratio in Cantica canticorum$9(Philo, s., vesc. in Carpasia di Cipro).$lItalian and Latin.$0(OLS)http://pul/title/10506 245 10$aCommento al Cantico dei cantici nell'antica versione latina di Epifanio SColastico /$cFilone di Carpasia ; edizione critica con introduzione, traduzione italiana, note e indici a cura di Aldo Ceresa-Gastaldo. 246 35$aCommentarium in Canticum canticorum 260 $aTorino :$bSocietà editrice internazionale,$c1979. 300 $a298 p. ;$c23 cm 490 1 $aCorona Patrum ;$v6 500 $aIncludes indexes. 504 $aBibliography: p. [36]-40. 630 00$aBible.$pO.T.$pSong of Solomon$xCommentaries.$2//eng$0(OLS)http://pul/subject/6407 700 1 $aCeresa-Gastaldo, Aldo,$d1928-$0(OLS)http://pul/name/1170 700 1 $aEpiphanius Scholasticus.$0(OLS)http://pul/name/7264 730 0 $aBible.$pO.T.$pSong of Solomon.$lItalian and Latin.$f1979.$0(OLS)http://pul/title/10509 830 0$aCorona Patrum ;$v6.$0(OLS)http://pul/title/2178 850 $aPUL 852 $aPUL$W1$xSL Religione 1$y3$m17 N 6$j10083$nBK-PRI$b $qStampati$B10083$CPULBib$Z2$F10083 $H $81 941 1 $a8 961 $aINV: 49002 996 $6020$a8805049778 :$cL20000$9(OLS)http://pul/number/9278 996 $6082$a223/.9077$219$9(OLS)http://pul/classification/192 996 $6245$aCommento al Cantico dei cantici nell'antica versione latina di Epifanio SColastico$9(OLS)http://pul/title/10507 996 $6246$aCommentarium in Canticum canticorum$9(OLS)http://pul/title/10508 996 $6260$aTorino :$bSocietà editrice internazionale$9(OLS)http://pul/publisher/48156 LEADER 01587nam a2200361 u 4500 001 000000061504 003 CaOOAMICUS 005 20160711170345.0 008 010907s2001 it f u000 u ita u 020 $a8831521357 032 $aLibriCat 035 $a10901884 040 $aPUL$bita 100 1 $aSforim, Mendele Mokher.$0(OLS)http://pul/name/41978 245 13$aLe feste ebraiche.$n3,$pPessach - Pasqua /$cMendele Mokher Sforim, Sholem Aleichem, Yitzchaq Leib Peretz (raccontano) ; saggio introduttivo di Daniel Lifschitz. 246 30$aPessach - Pasqua 260 $aCinisello Balsamo :$bSan Paolo,$c2001. 300 $a168 p. ;$c16 cm 504 $aBibliografia in nota. 650 4$aPasqua ebraica.$0(OLS)http://pul/subject/39572 650 4$aEbrei$xStoria culturale.$0(OLS)http://pul/subject/23505 700 1 $aLeib Peretz, Yitzchaq.$0(OLS)http://pul/name/41981 700 1 $aAleichem, Sholem,$d1859-1916.$0(OLS)http://pul/name/41980 700 1 $aLifschitz, Daniel,$d1937-$0(OLS)http://pul/name/41979 850 $aPUL 852 $aPUL$W1$xDP2 Religione 3$y114$m296. 4 ALESH 1$j176239$nBK-PRI$b $qDDC 21$B80125$CPULBib$Z2$F80125 $H85196 $81 941 1 $a9 961 $aprecedente collocazione: Teo 139 6 996 $6020$a8831521357$9(OLS)http://pul/number/79707 996 $6245$aLe feste ebraiche.$n3,$pPessach - Pasqua$9(OLS)http://pul/title/82118 996 $6246$aPessach - Pasqua$9(OLS)http://pul/title/82119 996 $6260$aCinisello Balsamo :$bSan Paolo$9(OLS)http://pul/publisher/54577